Theory of International Trade <A> Dual, General Equilibrium Approach

Na minha lista:
Detalhes bibliográficos
Autor principal: Dixit, Avinash
Outros Autores: Norman, Victor
Formato: Livro
Idioma:inglês
Publicado em: Cambridge Cambridge University Press 1993
Edição:1. ed.
Colecção:<The> Cambridge Economic Handbooks
Assuntos:
Tags: Adicionar Tag
Sem tags, seja o primeiro a adicionar uma tag!

MARC

LEADER 00000nam a2200000 4500
001 c010373
005 20221206075125.7
020 |a 0-521-29969-1 
041 0 |a eng 
044 |a GB 
245 1 0 |a Theory of International Trade  |b <A> Dual, General Equilibrium Approach  |c Avinash Dixit, Victor Norman 
250 |a 1. ed. 
264 1 |a Cambridge  |b Cambridge University Press  |c 1993 
300 |a 339 s. 
490 1 |a <The> Cambridge Economic Handbooks 
830 0 |a <The> Cambridge Economic Handbooks 
610 2 0 |a obchod medzinárodný 
610 2 0 |a rovnováha 
610 2 0 |a politika obchodná 
610 2 0 |a konkurencia 
610 2 0 |a peniaze 
100 1 |a Dixit, Avinash 
700 1 |a Norman, Victor